[Event "IMSA Blitz Men 2019"]
[Site "Hengshui"]
[Date "2019.05.17"]
[Round "3.1"]
[White "Rapport, Richard"]
[Black "Bu, Xiangzhi"]
[Result "1-0"]
[WhiteElo "2736"]
[BlackElo "2729"]
[Annotator "RC"]
[PlyCount "89"]
[EventDate "2019.05.17"]
[EventType "blitz"]
[EventCountry "CHN"]
[SourceTitle "playchess.com"]
[Source "ChessBase"]
[SourceQuality "1"]
[TimeControl "180+2"]

1. b3 {[%emt 0:00:00]} e5 {[%emt 0:00:00]} 2. Bb2 {[%emt 0:00:01]} Nc6 {[%emt 0:00:01]} 3. c4 {[%emt 0:00:00]} g6 {[%emt 0:00:01]} 4. g3 {[%emt 0:00:06]} Bg7 {[%emt 0:00:00]} 5. Bg2 {[%emt 0:00:01]} Nge7 {[%emt 0:00:01]} 6. Nc3 {[%emt 0:00:03]} O-O {[%emt 0:00:02]} 7. d3 {[%emt 0:00:09]} d6 {[%emt 0:00:04]} 8. e3 {[%emt 0:00:02]} Be6 {[%emt 0:00:13]} 9. Nd5 {[%emt 0:00:08]} Qd7 {[%emt 0:00:01]} 10. Qd2 {[%emt 0:00:06]} Nc8 {[%emt 0:00:09]} 11. Ne2 {[%emt 0:00:05]} Nd8 {[%emt 0:00:01]} 12. h4 {[%emt 0:00:03]} h5 {[%emt 0:00:19]} 13. d4 {[%emt 0:00:03]} c6 {[%emt 0:00:24]} 14. Ndc3 {[%emt 0:00:01]} f5 {[%emt 0:00:30]} 15. dxe5 {[%emt 0:00:06]} dxe5 {[%emt 0:00:03]} 16. Qxd7 {[%emt 0:00:02]} Bxd7 {[%emt 0:00:01]} 17. O-O-O {[%emt 0:00:06]} Be6 {[%emt 0:00:07]} 18. Na4 {[%emt 0:00:01]} b6 {[%emt 0:00:24]} 19. Rd2 {[%emt 0:00:04]} Ne7 {[%emt 0:00:13]} 20. Rhd1 {[%emt 0:00:04]} Rc8 {[%emt 0:00:39]} 21. Rd6 {[%emt 0:00:09]} Kf7 {[%emt 0:00:07]} 22. Ng1 {[%emt 0:00:11]} Nb7 {[%emt 0:00:02]} 23. Nf3 {[%emt 0:00:05]} Nxd6 {[%emt 0:00:07]} 24. Ng5+ {[%emt 0:00:00]} Kg8 {[%emt 0:00:05]} 25. Nxe6 {[%emt 0:00:02]} Rfd8 {[%emt 0:00:09]} 26. Nxg7 Nf7 27. Ne6 {[%emt 0:00:10]} Rxd1+ {[%emt 0:00:01]} 28. Kxd1 {[%emt 0:00:01]} e4 {[%emt 0:00:05]} 29. Nf4 {[%emt 0:00:02]} Rd8+ {[%emt 0:00:01]} 30. Kc2 {[%emt 0:00:02]} Rd6 {[%emt 0:00:01]} 31. Bf1 {[%emt 0:00:06]} Nh6 {[%emt 0:00:02]} 32. c5 {[%emt 0:00:01]} bxc5 {[%emt 0:00:01]} 33. Ba3 {[%emt 0:00:04]} Ng4 {[%emt 0:00:03]} 34. Bxc5 Rd7 35. Bc4+ {[%emt 0:00:18]} Nd5 {[%emt 0:00:06]} 36. Nc3 {[%emt 0:00:02]} Nxf2 {[%emt 0:00:02]} 37. Ncxd5 {[%emt 0:00:04]} cxd5 {[%emt 0:00:01]} 38. Nxd5 {[%emt 0:00:03]} Kg7 {[%emt 0:00:02]} 39. Bd4+ {[%emt 0:00:10]} Kh6 {[%emt 0:00:02]} 40. Be5 {[%emt 0:00:01]} Nd3 {[%emt 0:00:01]} 41. Bf4+ {[%emt 0:00:06]} Kg7 {[%emt 0:00:01]} 42. Kc3 {[%emt 0:00:03]} Nc5 {[%emt 0:00:05]} 43. b4 {[%emt 0:00:08]} Ne6 {[%emt 0:00:04]} 44. Be5+ {[%emt 0:00:01]} Kh6 {[%emt 0:00:01]} 45. Nf6 1-0

[Event "IMSA Blitz Men 2019"]
[Site "Hengshui"]
[Date "2019.05.17"]
[Round "3.1"]
[White "Andreikin, Dmitry"]
[Black "Vidit, Santosh Gujrathi"]
[Result "1-0"]
[WhiteElo "2722"]
[BlackElo "2707"]
[Annotator "TA"]
[PlyCount "71"]
[EventDate "2019.05.17"]
[EventType "blitz"]
[EventCountry "CHN"]
[SourceTitle "playchess.com"]
[Source "ChessBase"]
[SourceQuality "1"]

{[%evp 18,71,20,16,32,33,24,0,33,17,34,0,17,0,14,5,18,-19,22,-30,0,-30,-16,-62,-57,-62,-53,-69,-70,-82,-80,-108,-110,-92,-98,-261,-260,-243,-34,-50,0,0,0,0,105,122,156,156,162,148,424,397,381,398,392,361]} 1. e4 e5 2. Nf3 Nc6 3. Nc3 Nf6 4. Bb5 Nd4 5. O-O Nxb5 6. Nxb5 c6 7. Nc3 d6 8. d4 Qc7 9. a4 Be7 10. h3 a5 {C48: Four Knights: 4 Bb5, replies other than 4...Bb4} (10... O-O 11. Re1 Re8 12. b3 Bf8 13. Bb2 b6 14. Qd2 Bb7 15. Rad1 Rad8 16. Qg5 h6 17. Qc1 a6 18. dxe5 dxe5 {½-½ (54) Nepomniachtchi,I (2729)-Ding,L (2777) Riadh 2017}) 11. b3 O-O 12. Bb2 Nd7 $146 {The position is equal.} ({Predecessor:} 12... Re8 13. Re1 Bf8 14. Qd2 Bd7 15. Rad1 Rad8 16. Qc1 h6 {½-½ (66) Kislinsky,A (2499)-Collins,S (2474) Orlova 2015}) 13. Re1 Re8 14. Ne2 Bf8 15. Ng3 g6 16. Qd2 (16. Nf1 {with more complications.} b6 17. Ne3 Ba6 18. c4 Bg7 19. d5) 16... Bg7 17. Rad1 b6 18. Nh2 (18. c4 $142) 18... Nf8 19. Qc1 Ne6 {[%cal Re6d4]} 20. dxe5 dxe5 21. Ng4 h5 22. Ne3 Ba6 23. Ba3 Nd4 24. c3 Nxb3 25. Qc2 Nc5 26. Nef5 $2 (26. Bxc5 $17 bxc5 27. c4) 26... gxf5 $19 27. exf5 h4 $2 (27... Rad8 $19 28. Bxc5 bxc5 29. Nxh5 Bh8) 28. Nh5 $15 {[#] aiming for Bxc5.} f6 {And now ...Red8 would win.} 29. Bxc5 $1 bxc5 30. Re4 {Threatens to win with Rg4.} Rad8 (30... Re7 $11) 31. Rg4 $16 Re7 {[#] White must now prevent ...Rf7.} 32. Nxf6+ Kf7 33. Nh5 Bh6 $2 {[%mdl 8192]} (33... Bf8 $16) 34. Rxd8 Qxd8 35. f6 Bd3 36. fxe7 {Accuracy: White = 36%, Black = 27%.} 1-0

[Event "IMSA Blitz Men 2019"]
[Site "Hengshui"]
[Date "2019.05.17"]
[Round "3.1"]
[White "Korobov, Anton"]
[Black "Jones, Gawain C B"]
[Result "1-0"]
[WhiteElo "2687"]
[BlackElo "2702"]
[Annotator "TA"]
[PlyCount "97"]
[EventDate "2019.05.17"]
[EventType "blitz"]
[EventCountry "CHN"]
[SourceTitle "playchess.com"]
[Source "ChessBase"]
[SourceQuality "1"]

{[%evp 11,97,36,49,31,39,34,33,34,50,30,75,69,124,113,109,82,81,86,117,106,128,120,106,96,186,181,240,89,102,110,109,108,104,95,160,154,175,196,186,189,181,164,172,173,234,233,405,401,387,395,659,656,649,628,603,574,775,791,722,749,928,895,29972,29973,29973,29974,29974,29975,29975,29976,29976,29977,29977,29978,29978,29979,29979,29980,29980,29981,29984,29985,29986,29987,29988,29989,29989,29990]} 1. d4 Nf6 2. c4 g6 3. Nc3 Bg7 4. e4 O-O 5. Bg5 d6 6. Qd2 Na6 7. Bd3 {E70: King's Indian: Miscellaneous lines with 4 e4, including 5 Nge2 and 5 Bd3 0-0 6 Nge2} (7. f3 e5 8. Nge2 c6 9. O-O-O Be6 10. d5 cxd5 11. Nxd5 Bxd5 12. cxd5 Nc5 13. Kb1 Rc8 14. g4 b5 {½-½ (23) Stocek,J (2576)-Demchenko,A (2679) Skopje 2018}) 7... e5 8. d5 Nc5 9. Bc2 {White is slightly better.} a5 10. Nge2 Qd7 11. f3 Ne8 (11... b6 $14) 12. g4 $16 Bf6 $146 ({Predecessor:} 12... c6 13. h4 Nc7 14. Bh6 cxd5 15. cxd5 Nb5 16. Bxg7 Kxg7 {1-0 (66) Rodina,D-Valkova,A Evpatoria 2008}) 13. h4 Qe7 14. Bxf6 Qxf6 15. Qe3 Bd7 16. O-O-O a4 17. g5 Qg7 (17... Qe7 $16) 18. h5 $1 $18 f5 (18... Qh8 $142 19. a3 Ng7) 19. h6 $2 (19. hxg6 $1 $18 hxg6 20. exf5 Bxf5 21. Bxf5 Rxf5 22. Rh4) 19... Qe7 $16 20. exf5 $1 Bxf5 21. f4 Bxc2 22. Kxc2 Rf5 (22... Rd8 $142) 23. Rhf1 Qf7 {[#]} 24. Rf2 $1 exf4 25. Rxf4 ({Much less strong is} 25. Nxf4 $6 Re5 $16) 25... Rxf4 26. Qxf4 Qxf4 27. Nxf4 c6 (27... Kf7 $142 28. Rf1 Nd7) 28. Ne6 $18 cxd5 $2 (28... Ra5 {was worth a try.} 29. Nd4 Nd7) 29. Nxc5 dxc5 30. Nxd5 {[%mdl 4096] Endgame KRN-KRN} Kf7 $2 (30... Rb8 31. Nb6 Kf7 32. Rd7+ Ke6 33. Rxh7 Nd6 34. Nxa4 Kf5) 31. Re1 Rb8 32. Re7+ Kg8 33. a3 b6 34. Kd3 Rd8 35. Ke2 b5 36. Kf3 bxc4 {[#]} 37. Rxe8+ $1 {[%mdl 576] Remove Defender, Decoy. White mates.} Rxe8 {KR-KN} 38. Nf6+ Kf7 39. Nxe8 Kxe8 {[#] KP-KP} 40. Ke4 $1 {[%cal Re4d5]} Kd7 41. Kd5 {[%mdl 64] Double Attack} Ke7 42. Kxc5 Ke6 43. Kxc4 Kf5 44. b4 axb3 45. Kxb3 Kxg5 46. a4 {[%cal Ba3a4,Ba4a5,Ba5a6,Ba6a7][%mdl 32]} Kh4 47. a5 g5 48. a6 g4 49. a7 {Accuracy: White = 83%, Black = 29%.} 1-0

[Event "IMSA Blitz Men 2019"]
[Site "Hengshui"]
[Date "2019.05.17"]
[Round "3.1"]
[White "Fedoseev, Vladimir"]
[Black "Wang, Hao"]
[Result "0-1"]
[WhiteElo "2683"]
[BlackElo "2735"]
[Annotator "ChessBase"]
[PlyCount "152"]
[EventDate "2019.05.17"]
[EventType "blitz"]
[EventCountry "CHN"]
[SourceTitle "playchess.com"]
[Source "ChessBase"]
[SourceQuality "1"]
[TimeControl "180+2"]

1. e4 {[%emt 0:00:00]} e5 {[%emt 0:00:00]} 2. Nf3 {[%emt 0:00:00]} Nc6 {[%emt 0:00:00]} 3. Bb5 {[%emt 0:00:00]} Nf6 {[%emt 0:00:02]} 4. d3 {[%emt 0:00:01]} Bc5 {[%emt 0:00:01]} 5. Bxc6 dxc6 {[%emt 0:00:01]} 6. h3 {[%emt 0:00:02]} Bd6 {[%emt 0:00:02]} 7. Nbd2 {[%emt 0:00:03]} O-O {[%emt 0:00:02]} 8. Nc4 {[%emt 0:00:00]} Nd7 {[%emt 0:00:03]} 9. O-O {[%emt 0:00:04]} c5 {[%emt 0:00:05]} 10. c3 {[%emt 0:00:10]} Re8 {[%emt 0:00:02]} 11. Re1 {[%emt 0:00:02]} Nf8 {[%emt 0:00:03]} 12. Nxd6 {[%emt 0:00:34]} Qxd6 {[%emt 0:00:08]} 13. Be3 {[%emt 0:00:07]} b6 {[%emt 0:00:07]} 14. Qc2 {[%emt 0:00:03]} Bb7 {[%emt 0:00:10]} 15. Nh4 {[%emt 0:00:11]} Rad8 {[%emt 0:00:02]} 16. Rad1 {[%emt 0:00:02]} Bc8 {[%emt 0:00:21]} 17. b4 {[%emt 0:00:48]} cxb4 {[%emt 0:00:10]} 18. cxb4 {[%emt 0:00:01]} Qxb4 {[%emt 0:00:38]} 19. Qxc7 {[%emt 0:00:22]} Qa4 {[%emt 0:00:28]} 20. Nf3 {[%emt 0:00:06]} f6 {[%emt 0:00:03]} 21. Rd2 {[%emt 0:00:15]} Ne6 {[%emt 0:00:09]} 22. Qc4 {[%emt 0:00:10]} Qxc4 {[%emt 0:00:05]} 23. dxc4 {[%emt 0:00:01]} Bb7 {[%emt 0:00:09]} 24. Rxd8 {[%emt 0:00:02]} Rxd8 {[%emt 0:00:01]} 25. Nd2 {[%emt 0:00:01]} Rd3 {[%emt 0:00:06]} 26. Rc1 {[%emt 0:00:09]} Ra3 {[%emt 0:00:04]} 27. Rc2 {[%emt 0:00:09]} Bc6 {[%emt 0:00:06]} 28. Kh2 {[%emt 0:00:15]} Kf7 {[%emt 0:00:07]} 29. Kg1 {[%emt 0:00:07]} Ke8 {[%emt 0:00:01]} 30. Kf1 {[%emt 0:00:03]} Kd7 {[%emt 0:00:05]} 31. Ke2 {[%emt 0:00:08]} Kd6 {[%emt 0:00:16]} 32. c5+ {[%emt 0:00:02]} Kd7 {[%emt 0:00:05]} 33. cxb6 {[%emt 0:00:01]} axb6 {[%emt 0:00:03]} 34. Nc4 {[%emt 0:00:04]} Bb5 {[%emt 0:00:01]} 35. Ke1 {[%emt 0:00:03]} Bxc4 {[%emt 0:00:03]} 36. Rxc4 {[%emt 0:00:01]} b5 {[%emt 0:00:03]} 37. Rc2 {[%emt 0:00:03]} Ra4 {[%emt 0:00:03]} 38. f3 {[%emt 0:00:01]} Kd6 {[%emt 0:00:03]} 39. Ke2 {[%emt 0:00:01]} Ra3 {[%emt 0:00:03]} 40. Rd2+ {[%emt 0:00:01]} Kc6 {[%emt 0:00:01]} 41. Rc2+ {[%emt 0:00:01]} Kd6 {[%emt 0:00:02]} 42. Rd2+ {[%emt 0:00:00]} Ke7 {[%emt 0:00:05]} 43. Rb2 {[%emt 0:00:02]} Kf7 {[%emt 0:00:03]} 44. Kf2 {[%emt 0:00:01]} Ke7 {[%emt 0:00:01]} 45. Bd2 {[%emt 0:00:02]} Kd7 {[%emt 0:00:03]} 46. Bb4 {[%emt 0:00:01]} Rd3 {[%emt 0:00:03]} 47. Ba5 {[%emt 0:00:03]} Nd4 {[%emt 0:00:02]} 48. Bb4 {[%emt 0:00:07]} Ke6 {[%emt 0:00:05]} 49. Bf8 {[%emt 0:00:04]} g6 {[%emt 0:00:02]} 50. Bc5 {[%emt 0:00:01]} Rc3 {[%emt 0:00:06]} 51. Bxd4 {[%emt 0:00:02]} exd4 {[%emt 0:00:01]} 52. Rxb5 {[%emt 0:00:01]} Rc2+ {[%emt 0:00:02]} 53. Kg3 {[%emt 0:00:02]} Rxa2 {[%emt 0:00:02]} 54. Rd5 {[%emt 0:00:00]} Rd2 {[%emt 0:00:02]} 55. h4 {[%emt 0:00:05]} h5 {[%emt 0:00:02]} 56. Rd8 {[%emt 0:00:02]} d3 {[%emt 0:00:02]} 57. Kf4 {[%emt 0:00:03]} Rxg2 {[%emt 0:00:04]} 58. Rxd3 {[%emt 0:00:01]} g5+ {[%emt 0:00:03]} 59. hxg5 {[%emt 0:00:01]} fxg5+ {[%emt 0:00:01]} 60. Ke3 {[%emt 0:00:00]} h4 {[%emt 0:00:01]} 61. Rd8 {[%emt 0:00:01]} h3 {[%emt 0:00:01]} 62. Rh8 {[%emt 0:00:02]} h2 {[%emt 0:00:02]} 63. Rh6+ {[%emt 0:00:02]} Ke5 {[%emt 0:00:02]} 64. Rh8 {[%emt 0:00:06]} Ra2 {[%emt 0:00:03]} 65. Rh6 {[%emt 0:00:02]} Rb2 {[%emt 0:00:04]} 66. Rh8 {[%emt 0:00:02]} Kd6 {[%emt 0:00:02]} 67. Rh5 {[%emt 0:00:02]} Ke6 {[%emt 0:00:02]} 68. Rh6+ {[%emt 0:00:02]} Kf7 {[%emt 0:00:01]} 69. e5 {[%emt 0:00:02]} Kg7 {[%emt 0:00:01]} 70. Rh3 {[%emt 0:00:03]} Kg6 {[%emt 0:00:01]} 71. Ke4 {[%emt 0:00:01]} Re2+ {[%emt 0:00:02]} 72. Kd3 {[%emt 0:00:04]} Ra2 {[%emt 0:00:03]} 73. Ke4 {[%emt 0:00:00]} Ra4+ {[%emt 0:00:03]} 74. Ke3 {[%emt 0:00:02]} Ra3+ {[%emt 0:00:02]} 75. Ke4 {[%emt 0:00:01]} Ra4+ {[%emt 0:00:01]} 76. Ke3 {[%emt 0:00:01]} Rh4 {[%emt 0:00:01]} 0-1

[Event "IMSA Blitz Men 2019"]
[Site "Hengshui"]
[Date "2019.05.17"]
[Round "3.1"]
[White "Gelfand, Boris"]
[Black "Ponomariov, Ruslan"]
[Result "1/2-1/2"]
[WhiteElo "2676"]
[BlackElo "2675"]
[Annotator "TA"]
[PlyCount "86"]
[EventDate "2019.05.17"]
[EventType "blitz"]
[EventCountry "CHN"]
[SourceTitle "playchess.com"]
[Source "ChessBase"]
[SourceQuality "1"]

{[%evp 16,86,52,52,46,50,52,39,58,41,41,33,40,36,55,3,3,8,12,7,0,0,6,0,2,6,7,0,0,0,0,0,0,0,0,0,0,0,0,0,0,0,0,0,0,0,0,0,0,0,0,0,0,0,0,0,0,0,0,0,0,0,0,0,0,0,0,0,0,0,0,0,0]} 1. d4 Nf6 2. Nf3 g6 3. Nbd2 Bg7 4. e4 d6 5. Be2 O-O 6. O-O Nc6 7. c3 e5 8. dxe5 dxe5 9. Qc2 Qe7 {B07: Pirc Defence: Miscellaneous Systems} 10. b4 (10. Nc4 a5 11. b3 Rd8 12. Ne3 h6 13. a4 Qe8 14. Re1 Kh7 15. Bb5 Bd7 16. Ba3 Nb8 17. Nd5 Nxd5 18. exd5 {½-½ (64) Gorodetzky,D (2391)-Kovalev,A (2517) Panevezys 2017}) 10... a6 11. a4 $146 ({Predecessor:} 11. Nc4 Rd8 12. Nfd2 Bg4 13. f3 Be6 14. Nb3 b6 15. Bg5 a5 {½-½ (36) Jakupovic,N (2313)-Cekro,E (2390) Neum 2000}) 11... Rd8 {White is slightly better.} 12. Ba3 {[#] Strongly threatening b5.} Qe8 13. b5 axb5 14. axb5 Nb8 15. b6 (15. Bb2 $14 Rxa1 16. Rxa1) 15... cxb6 $11 {The position is equal.} 16. Nc4 {Black should prevent Nd6.} Bf8 17. Bxf8 Rxa1 18. Rxa1 Qxf8 19. Ncxe5 {With the idea Bc4.} Qe7 20. Bc4 Be6 21. Bxe6 Qxe6 22. Ra8 Nc6 23. Rxd8+ Nxd8 24. Qd3 Nc6 25. Nxc6 bxc6 26. Qd8+ Kg7 27. Qxb6 Qxe4 28. h3 h6 29. Qc5 Qd5 30. Qd4 c5 31. Qe5 Qxe5 (31... g5 {keeps more tension.} 32. Kf1 Qd1+ 33. Ne1 c4 34. g3 Qd5) 32. Nxe5 {[%mdl 4096] Endgame KN-KN} Ne4 33. c4 Kf6 34. Nd3 Ke7 35. f3 Nd6 36. Nxc5 Nxc4 37. Kf2 h5 38. h4 Kf6 39. Ne4+ Ke6 40. Ng5+ Kf6 41. Ne4+ Ke6 42. Ng5+ Kf6 43. Ne4+ Ke6 {Accuracy: White = 84%, Black = 68%.} 1/2-1/2

[Event "IMSA Blitz Men 2019"]
[Site "Hengshui"]
[Date "2019.05.17"]
[Round "3.1"]
[White "Leko, Peter"]
[Black "Dominguez Perez, Leinier"]
[Result "1/2-1/2"]
[WhiteElo "2674"]
[BlackElo "2750"]
[Annotator "TA"]
[PlyCount "71"]
[EventDate "2019.05.17"]
[EventType "blitz"]
[EventCountry "CHN"]
[SourceTitle "playchess.com"]
[Source "ChessBase"]
[SourceQuality "1"]

{[%evp 16,71,21,12,22,0,6,0,14,12,24,0,0,-16,-8,-11,-3,-2,-4,-11,-6,-8,0,-2,-9,-7,0,-10,-10,-7,-4,-7,0,0,0,0,0,0,0,0,0,0,0,-1,0,0,0,0,0,0,0,0,0,0,0,0,0,0]} 1. e4 e5 2. Nf3 Nc6 3. Bb5 Nf6 4. O-O Nxe4 5. Re1 Nd6 6. Nxe5 Be7 7. Bf1 Nxe5 8. Rxe5 O-O 9. d4 Ne8 {C67: Ruy Lopez: Berlin Defence: 4 0-0 Nxe4} (9... Bf6 10. Re1 Re8 11. c3 Rxe1 12. Qxe1 Ne8 13. d5 c6 14. Qd1 b6 15. Bf4 Bb7 16. dxc6 dxc6 17. Nd2 c5 18. Nc4 Qxd1 19. Rxd1 {½-½ (40) Anand,V (2774)-Caruana,F (2819) Karlsruhe/Baden Baden 2019}) 10. Re1 d5 11. Bf4 Bd6 12. Be5 c6 13. c3 Bf5 {The position is equal.} 14. Bd3 Bxd3 15. Qxd3 f6 16. Bxd6 Nxd6 17. Nd2 Qd7 $146 18. Re2 Rfe8 19. Rae1 Rxe2 20. Rxe2 Re8 21. f3 Rxe2 22. Qxe2 Kf7 23. Qd3 Qf5 (23... h6 {feels hotter.} 24. Nf1 Qe6 25. Kf2 f5 26. Ne3 h5) 24. Qxf5 Nxf5 $11 {[%mdl 4096] Endgame KN-KN} 25. Kf2 h5 26. Nb3 b6 27. Nc1 g5 28. Nd3 Ke6 29. g3 Nd6 30. h3 Nf5 31. g4 hxg4 32. hxg4 Nd6 33. Ke3 Nc4+ 34. Ke2 Nd6 35. Ke3 Nc4+ 36. Ke2 {Accuracy: White = 65%, Black = 76%.} 1/2-1/2

[Event "IMSA Blitz Men 2019"]
[Site "Hengshui"]
[Date "2019.05.17"]
[Round "3.1"]
[White "Mamedov, Rauf"]
[Black "Le, Quang Liem"]
[Result "0-1"]
[WhiteElo "2650"]
[BlackElo "2704"]
[Annotator "TA"]
[PlyCount "64"]
[EventDate "2019.05.17"]
[EventType "blitz"]
[EventCountry "CHN"]
[SourceTitle "playchess.com"]
[Source "ChessBase"]
[SourceQuality "1"]

{[%evp 14,64,23,16,34,9,9,11,17,8,7,-21,-12,-15,-15,-13,-15,-13,-14,-34,0,-14,0,0,0,-26,-23,-45,-34,-193,-152,-134,-126,-212,-208,-223,-152,-145,-130,-172,-102,-154,-161,-164,-202,-450,-437,-884,-1108,-1064,-1036,-29995,-262]} 1. e4 c5 2. Nf3 Nc6 3. Bb5 g6 4. O-O Bg7 5. Re1 e5 6. Bxc6 dxc6 7. d3 Qe7 8. a4 Nh6 {B31: Sicilian: 2...Nc6 3 Bb5 g6} (8... Nf6 9. Nbd2 Nd7 10. Nc4 O-O 11. Be3 Rd8 12. Qc1 Nf8 13. Bh6 f6 14. Qe3 Ne6 15. Bxg7 Kxg7 16. h4 {½-½ (31) Ni,S (2436)-Ding,Y (2419) China 2018}) 9. h3 O-O 10. Be3 {Hoping for Qd2.} f6 {The position is equal.} 11. Nbd2 Nf7 $146 ({Predecessor:} 11... Rd8 12. Nf1 Be6 13. b3 Nf7 14. Qc1 Rd7 15. Rb1 b6 {½-½ (28) Keast,D-Henri,S Australia 1977}) 12. Nb3 b6 13. a5 Be6 14. Nfd2 f5 {White must now prevent ...f4.} 15. exf5 gxf5 {Strongly threatening ...f4.} 16. f4 exf4 17. Bxf4 Bxb2 18. Ra2 Bc3 19. Qf3 {axb6 is the strong threat.} Qd7 $36 {[%mdl 2048] Black has good play.} 20. Re2 Bd5 21. Qh5 $2 (21. Qg3+ $15 Kh8 22. axb6 axb6 23. Rxa8 Rxa8 24. Nb1) 21... Rae8 22. axb6 axb6 23. Rxe8 (23. Ra6 $17) 23... Rxe8 $19 ({Much less strong is} 23... Qxe8 24. Ra7 $17) 24. Nf3 c4 25. dxc4 Bxc4 26. Kh2 Qe6 ({Black should try} 26... Bf6 $19 27. Kh1 c5) 27. Ra7 (27. Ra3 $142) 27... Qg6 $17 28. Qh4 {[#]} Re2 $1 {[%csl Ge2][%cal Rg6g2]} 29. Bg3 $2 (29. Qg3 {keeps fighting.} Bd5 30. Nbd2) 29... Bd5 $19 {( -> ...Bxf3)} 30. Qf4 (30. Nbd4 $142 Re4 31. Ne5 Rxh4 32. Nxg6 Rxd4 33. Ne7+ Kf8 34. Nxf5) 30... Be5 31. Ra8+ {[#]} Kg7 $1 32. Nxe5 Rxg2+ {Accuracy: White = 30%, Black = 64%.} 0-1

[Event "IMSA Blitz Men 2019"]
[Site "Hengshui"]
[Date "2019.05.17"]
[Round "3.2"]
[White "Dominguez Perez, Leinier"]
[Black "Leko, Peter"]
[Result "1/2-1/2"]
[WhiteElo "2750"]
[BlackElo "2674"]
[Annotator "TA"]
[PlyCount "84"]
[EventDate "2019.05.17"]
[EventType "blitz"]
[EventCountry "CHN"]
[SourceTitle "playchess.com"]
[Source "ChessBase"]
[SourceQuality "1"]

{[%evp 14,84,22,20,18,12,26,4,6,4,14,3,29,0,22,8,0,0,0,0,0,0,0,0,0,0,93,79,63,79,72,66,68,66,78,83,98,41,118,67,136,133,140,135,130,126,166,81,81,81,81,81,81,81,81,81,89,89,89,89,89,89,89,37,37,0,44,0,38,0,38,0,68]} 1. e4 e5 2. Nf3 Nc6 3. Bc4 Bc5 4. c3 Nf6 5. d3 O-O 6. Nbd2 d6 7. O-O a6 8. Bb3 Re8 {C54: Giuoco Piano: 4 c3 Nf6, main lines with 5 d4 and 5 d3} 9. h3 Be6 10. Bc2 h6 11. Re1 d5 12. exd5 Bxd5 13. Nh2 $146 (13. b4 $5 {[%cal Rb4c5]} Ba7 14. a4 $11) ({Predecessor:} 13. Ne4 Nxe4 14. dxe4 Be6 15. b4 Qxd1 16. Rxd1 {½-½ (32) Duda,J (2737)-So,W (2780) chess.com INT 2018}) 13... b5 14. Ne4 Nxe4 15. dxe4 Be6 16. Qf3 Qh4 17. b4 Bb6 18. a4 Ne7 19. Bd3 c6 {[#]} (19... Ng6 $11 {keeps the balance.}) 20. g3 $1 $16 {[%cal Rg3h4]} Qf6 ({Wrong is} 20... Qxh3 $2 21. Bf1 $18) 21. Qxf6 gxf6 22. Ng4 Bxg4 23. hxg4 Kg7 24. Kg2 $36 {[%mdl 2048] Keeping Black busy.} Red8 25. Bc2 ({White should try} 25. Be2 $16) 25... Ng8 (25... a5 $14) 26. Kf3 (26. Rd1 $16) 26... Kf8 (26... a5 $14) 27. Ke2 Kg7 28. Rd1 Rxd1 29. Bxd1 Rb8 30. axb5 (30. a5 $18 {has better winning chances.} Ba7 31. Bb3) 30... axb5 31. Bb3 Ne7 32. Bd2 Ng8 33. f3 Ne7 34. Ra6 Ng8 35. Be3 Bxe3 36. Kxe3 {[%mdl 4096] [#] Endgame Hoping for Ra7. KRB-KRN} Ne7 37. Ra7 Kf8 38. f4 (38. Kd2 $16) 38... Rd8 $14 39. Ba2 Rb8 40. Bb3 Rd8 41. Ba2 Rb8 42. Bb3 Rd8 {Accuracy: White = 54%, Black = 50%.} 1/2-1/2

[Event "IMSA Blitz Men 2019"]
[Site "Hengshui"]
[Date "2019.05.17"]
[Round "3.2"]
[White "Wang, Hao"]
[Black "Fedoseev, Vladimir"]
[Result "1-0"]
[WhiteElo "2735"]
[BlackElo "2683"]
[Annotator "TA"]
[PlyCount "45"]
[EventDate "2019.05.17"]
[EventType "blitz"]
[EventCountry "CHN"]
[SourceTitle "playchess.com"]
[Source "ChessBase"]
[SourceQuality "1"]

{[%evp 9,182,50,37,44,60,60,71,79,94,100,95,83,122,122,155,150,164,162,160,147,160,142,156,152,190,189,216,213,254,232,281,242,450,239,462,450,470,166,160,156,149,150,175,185,195,0,0,-157,-176,-170,-160,-950,-946,-923,-922,-897,-890,-1265,-1292,-1290,-1190,-1109,-1059,-1190,-1178,-1001,-390,-1058,-1019,-3499,-996,-5069,-5052,-2153,-399,-397,-394,-583,-583,-1595,-279,-271,-158,-2070,-2220,-2218,-2186,-1989,-1468,-1405,0,-1050,-1030,-2525,-2198,-6187,-1177,-1149,-1027,-4134,-606,-29977,-29976,-29978,-29979,-29970,-7114,-29949,-6099,-2588,-1024,-941,-762,-762,-267,-267,-260,-267,-267,-261,-260,-260,-260,-260,-260,-260,-260,-260,-260,-260,-252,-252,-252,-252,0,0,0,-252,-252,-252,-252,-252,-252,-252,-252,-252,-252,-252,-252,-252,-252,-252,-252,-12316,-29970,-29964,-29967,-29972,-29975,-29961,-3716,-3175,-372,-29970,-29972,-29972,-29973,-29973,-29974,-29982,-29966,-29988,-29988,-29988,-29989]} 1. c4 e5 2. Nc3 Nc6 3. Nf3 f5 4. g3 Nf6 (4... d6 5. d4 e4 6. d5 Ne5 7. Nxe5 dxe5 8. g4 g6 9. gxf5 gxf5 10. Rg1 Nf6 11. Bg5 Be7 12. e3 Rg8 {1-0 (27) Aronian,L (2793)-Ivanchuk,V (2738) Leuven 2017}) 5. d4 e4 6. Nh4 {A27: English Opening: Three Knights Variation} d5 7. Bg5 dxc4 8. e3 $1 {White is better.} Be7 9. Bxc4 {Hoping for Bxf6.} g6 $146 ({Predecessor:} 9... Ng4 10. h3 Bxg5 11. hxg4 Bxh4 12. Rxh4 fxg4 13. Nxe4 Qe7 14. Nc5 g6 15. Qd2 Ne5 16. dxe5 Qxc5 17. Rd1 Bf5 18. e6 Qe7 19. Qc3 {1-0 (19) Medvedyk,V (2285)-Kyrychenko,M (2207) Lvov 2019}) 10. Ng2 Qd6 11. a3 a6 12. Bh6 b5 13. Ba2 b4 14. axb4 Nxb4 15. Bg7 Nxa2 16. Bxh8 Nb4 {intending ...Nd3+.} 17. O-O Bd7 18. Nf4 Kf7 19. Qb3+ Kf8 20. Na4 g5 $2 (20... Rb8 21. Nc5 Rb6 22. Bxf6 Bxf6) 21. Bxf6 (21. Nc5 $142) 21... Bxf6 $2 (21... Qxf6 {was necessary.} 22. Nc5 Bxc5) 22. Nc5 $18 Rb8 23. Nxd7+ {Played: Nf4-d5} 1-0